[Event "NED-ch U14"]
[Site "Almelo"]
[Date "2022.05.03"]
[Round "4"]
[White "Folkers, Sono"]
[Black "Franco, Hugo1"]
[Result "1-0"]
[WhiteElo "1519"]
[BlackElo "1441"]
[PlyCount "61"]
[EventDate "2022.05.01"]
[EventType "swiss"]
[EventRounds "9"]
[EventCountry "NED"]
[SourceTitle "EXT 2023"]
[Source "ChessBase"]
[SourceDate "2022.10.05"]
[SourceVersion "1"]
[SourceVersionDate "2022.10.05"]
[SourceQuality "1"]

1. d4 d5 2. Bf4 Nc6 3. Nf3 Nf6 4. e3 Bg4 5. h3 Bh5 6. Nbd2 e6 7. a3 Bd6 8. Bg5 e5 9. Be2 Qe7 10. c3 e4 11. Nh4 Bxe2 12. Qxe2 Qd7 13. g4 h6 14. Bxf6 gxf6 15. Nf5 0-0-0 16. a4 h5 17. f3 exf3 18. Qxf3 Rdg8 19. 0-0-0 Ne7 20. Nxd6+ Qxd6 21. e4 hxg4 22. hxg4 dxe4 23. Nxe4 Qc6 24. Rxh8 Rxh8 25. Qxf6 Qe8 26. d5 Rh2 27. d6 Qxa4 28. d7+ Kd8 29. Qxe7+ Kxe7 30. d8Q+ Ke6 31. Nc5+ 1-0